000
00318nam a2200109Ia 4500
008
171211s9999 xx 000 0 und d
245
_a
Theatre of the Real (Studies in International Performance)
245
_c
C. Martin
260
_c
2012
650
_x
cinema
856
_u
http://down.ebook777.com/064/9780230281912.pdf
999
_c
348727
_d
348727